[Event "II Festival ASDEC A"]
[Site "Messina ITA"]
[Date "2012.08.27"]
[Round "1"]
[White "Alfarone, Giovanni"]
[Black "Napoli Costa, Antonello"]
[WhiteElo "1992"]
[BlackElo "1743"]
[Result "1-0"]
[PlyCount "31"]
[EventDate "2012.08.27"]

1. Nf3 Nf6 2. d4 d5 3. e3 e6 4. Bd3 c5 5. b3 b6 6. Nbd2 Nbd7 7. Bb2 Bb7 8. O-O
Bd6 9. Ne5 O-O 10. f4 Ne8 11. Rf3 f6 12. Bxh7+ Kxh7 13. Rh3+ Kg8 14. Ng6 Kf7
15. Qh5 Kg8 16. Nh8 1-0

[Event "II Festival ASDEC A"]
[Site "Messina ITA"]
[Date "2012.08.27"]
[Round "1"]
[White "Arico', Maurizio"]
[Black "Cusmano, Antonello"]
[WhiteElo "1843"]
[BlackElo "1550"]
[Result "0-1"]
[PlyCount "64"]
[EventDate "2012.08.27"]

1. e4 c6 2. d4 d5 3. e5 Bf5 4. Nf3 e6 5. Be2 Ne7 6. O-O Bg6 7. Nh4 Qb6 8. Nxg6
hxg6 9. c3 Nf5 10. Nd2 Be7 11. Nf3 Nd7 12. a4 a5 13. Rb1 c5 14. Bb5 O-O-O 15.
Bg5 f6 16. Bxd7+ Kxd7 17. Bf4 g5 18. exf6 gxf6 19. Be3 g4 20. dxc5 Qc7 21. g3
gxf3 22. Qxf3 Nxe3 23. Qxe3 Bxc5 24. Qf3 Rdg8 25. Rbc1 f5 26. b4 Ba7 27. c4 Rh3
28. cxd5 Rgxg3+ 29. hxg3 Rxg3+ 30. Qxg3 Qxg3+ 31. Kh1 Bxf2 32. dxe6+ Kxe6 0-1

[Event "II Festival ASDEC A"]
[Site "Messina ITA"]
[Date "2012.08.27"]
[Round "1"]
[White "Bonanzinga, Corrado"]
[Black "Carbone, Edoardo"]
[WhiteElo "2091"]
[BlackElo "1824"]
[Result "0-1"]
[PlyCount "108"]
[EventDate "2012.08.27"]

1. d4 Nf6 2. c4 e6 3. Nc3 Bb4 4. e3 O-O 5. Bd3 d5 6. a3 Bxc3+ 7. bxc3 b6 8.
cxd5 exd5 9. Ne2 c5 10. O-O Ba6 11. Rb1 Bxd3 12. Qxd3 c4 13. Qc2 Nc6 14. f3 Re8
15. Ng3 h5 16. e4 dxe4 17. Bg5 Nxd4 18. cxd4 Qxd4+ 19. Kh1 Qd3 20. Rbc1 Qxc2
21. Rxc2 Nh7 22. Be3 exf3 23. Rxf3 b5 24. h4 Nf6 25. Bd4 Re1+ 26. Rf1 Rxf1+ 27.
Nxf1 Ng4 28. Ne3 Nxe3 29. Bxe3 a6 30. Bd2 Rd8 31. Ba5 Rd4 32. g3 Rd3 33. Rc3
Rd2 34. Kg1 f6 35. Kf1 Rh2 36. Re3 Kf7 37. Bb4 Ra2 38. Re2 Rxe2 39. Kxe2 Ke6
40. Ke3 Kd5 41. Bf8 g6 42. Bg7 Ke5 43. Kd2 Kf5 44. Kc3 g5 45. Kb4 a5+ 46. Kc3
gxh4 47. gxh4 Ke6 48. Kd4 Kf5 49. Bf8 Kg4 50. Be7 f5 51. Bg5 f4 52. Ke4 f3 53.
Ke3 Kg3 54. Bf4+ Kg2 0-1

[Event "II Festival ASDEC A"]
[Site "Messina ITA"]
[Date "2012.08.27"]
[Round "1"]
[White "Buzzanca, Francesco"]
[Black "Altomonte, Giuseppe"]
[WhiteElo "1687"]
[BlackElo "1860"]
[Result "1-0"]
[PlyCount "87"]
[EventDate "2012.08.27"]

1. d4 d5 2. c4 c6 3. cxd5 cxd5 4. Nc3 Nf6 5. Bg5 e6 6. Nf3 Be7 7. e3 Nc6 8. Bb5
Bd7 9. O-O O-O 10. Rc1 Rc8 11. Bxc6 Bxc6 12. Qb3 Ne4 13. Bxe7 Qxe7 14. Rc2 Ng5
15. Nxg5 Qxg5 16. Rfc1 Rce8 17. Nb5 e5 18. Nxa7 exd4 19. Nxc6 bxc6 20. exd4 Re2
21. Rf1 Re4 22. Qc3 f5 23. Qd2 f4 24. f3 Re6 25. Rfc1 Rfe8 26. Qf2 Qe7 27. Kf1
Qb4 28. a3 Qb5+ 29. Kg1 Re3 30. h4 Qd3 31. Rd2 Qb5 32. h5 Re2 33. Rxe2 Rxe2 34.
Qh4 Qxb2 35. Qd8+ Kf7 36. Qd7+ Re7 37. Qf5+ Ke8 38. Rxc6 Qxd4+ 39. Kh2 Rd7 40.
Rc8+ Ke7 41. Qf8+ Ke6 42. Re8+ Re7 43. Rxe7+ Kd6 44. Re4+ 1-0

[Event "II Festival ASDEC A"]
[Site "Messina ITA"]
[Date "2012.08.27"]
[Round "1"]
[White "Cannella, Carlo"]
[Black "Spina, Simonpietro"]
[WhiteElo "1950"]
[BlackElo "1730"]
[Result "1-0"]
[PlyCount "103"]
[EventDate "2012.08.27"]

1. e4 d6 2. d4 Nf6 3. Nc3 g6 4. Bg5 Bg7 5. Qd2 c6 6. Bh6 Bxh6 7. Qxh6 Qa5 8. f3
b5 9. Qd2 Nbd7 10. Bd3 b4 11. Nd1 c5 12. Ne3 cxd4 13. Nc4 Qc5 14. a3 bxa3 15.
Rxa3 Nb6 16. Na5 Nfd7 17. Nb3 Qe5 18. Ne2 Nc5 19. Bb5+ Bd7 20. Bxd7+ Ncxd7 21.
Qxd4 O-O 22. O-O Rfe8 23. c3 Qxd4+ 24. Nexd4 Nc4 25. Ra2 e5 26. Nc2 Reb8 27.
Nb4 a5 28. Rfa1 Nxb2 29. Rxa5 Rxa5 30. Rxa5 Nd3 31. Ra7 N7c5 32. Nxc5 Nxc5 33.
Nd5 Nd3 34. h3 h5 35. Rd7 Rb1+ 36. Kh2 h4 37. Rxd6 Nf2 38. g4 Rb2 39. Rb6 Nxg4+
40. Kg1 Rxb6 41. Nxb6 Nf6 42. Kf2 Kf8 43. Ke3 g5 44. c4 Ke8 45. c5 Nd7 46. Nxd7
Kxd7 47. Kd3 Kc7 48. Kc4 Kc6 49. Kb4 f5 50. exf5 e4 51. f6 e3 52. Kc3 1-0

[Event "II Festival ASDEC A"]
[Site "Messina ITA"]
[Date "2012.08.27"]
[Round "1"]
[White "Carbone, Stefano"]
[Black "Gelardi, Davide"]
[WhiteElo "2002"]
[BlackElo "1755"]
[Result "1-0"]
[PlyCount "91"]
[EventDate "2012.08.27"]

1. Nf3 Nf6 2. c4 e6 3. g3 c5 4. Bg2 Nc6 5. Nc3 Be7 6. O-O O-O 7. d4 cxd4 8.
Nxd4 Qb6 9. Ndb5 d5 10. Be3 Qa5 11. cxd5 exd5 12. a3 Be6 13. b4 Qd8 14. Nd4 Qd7
15. Nxc6 bxc6 16. Na4 Bh3 17. Rc1 Bxg2 18. Kxg2 Ne4 19. Qc2 Rfc8 20. Rfd1 Qe6
21. Bd4 Nd6 22. Nc5 Qg6 23. Qxg6 fxg6 24. Na4 Nc4 25. Rc3 Bf6 26. Bxf6 gxf6 27.
e4 Rd8 28. Nc5 Kf7 29. exd5 cxd5 30. Nb7 Rd7 31. Rxc4 Rxb7 32. Rxd5 Re8 33. Rc6
Re2 34. Kf3 Rb2 35. Ra5 Rb3+ 36. Kg2 Rd3 37. h4 f5 38. h5 Rdd7 39. hxg6+ hxg6
40. Raa6 Rb6 41. Rcxb6 axb6 42. a4 Rb7 43. Kf3 Ke8 44. Kf4 Ke7 45. Kg5 Kf7 46.
f4 1-0

[Event "II Festival ASDEC A"]
[Site "Messina ITA"]
[Date "2012.08.27"]
[Round "1"]
[White "Chite', Carmelo"]
[Black "Buda, Elvin"]
[WhiteElo "1537"]
[BlackElo "1842"]
[Result "0-1"]
[PlyCount "38"]
[EventDate "2012.08.27"]

1. d4 e6 2. e4 c5 3. c3 Qc7 4. Nf3 Nf6 5. Nbd2 Nc6 6. e5 Nd5 7. Ne4 cxd4 8.
cxd4 Ncb4 9. Nc3 Nxc3 10. bxc3 Qxc3+ 11. Bd2 Qxa1 12. Qxa1 Nc2+ 13. Ke2 Nxa1
14. g3 Nc2 15. Bg2 b6 16. Rc1 Nb4 17. Ne1 Ba6+ 18. Ke3 Rc8 19. Ra1 Bc4 0-1

[Event "II Festival ASDEC A"]
[Site "Messina ITA"]
[Date "2012.08.27"]
[Round "1"]
[White "Favaloro, Andrea"]
[Black "Scattareggia, Domenico"]
[WhiteElo "1760"]
[BlackElo "2027"]
[Result "0-1"]
[PlyCount "42"]
[EventDate "2012.08.27"]

1. e4 c5 2. Nf3 g6 3. d4 Bg7 4. Nc3 cxd4 5. Nxd4 Nc6 6. Be3 d6 7. Qd2 Nf6 8. f3
Bd7 9. Bc4 Rc8 10. Bb3 Na5 11. O-O-O Nxb3+ 12. Nxb3 a5 13. e5 dxe5 14. Nd5 Nxd5
15. Qxd5 Qc7 16. c3 a4 17. Bb6 Bh6+ 18. Kb1 Bf5+ 19. Ka1 Qxb6 20. g4 Be6 21.
Qxe5 O-O 0-1

[Event "II Festival ASDEC A"]
[Site "Messina ITA"]
[Date "2012.08.27"]
[Round "1"]
[White "Fenocchio, Renato"]
[Black "Marzaduri, Marco R."]
[WhiteElo "1587"]
[BlackElo "1845"]
[Result "0-1"]
[PlyCount "64"]
[EventDate "2012.08.27"]

1. d4 d5 2. Nf3 Nf6 3. e3 e6 4. Bd3 c5 5. c3 Nc6 6. Nbd2 cxd4 7. exd4 Bd6 8.
O-O O-O 9. Re1 Qc7 10. Qe2 a6 11. Ne5 b5 12. Ndf3 b4 13. Bd2 bxc3 14. bxc3 h6
15. Bc2 a5 16. Bxh6 gxh6 17. Qe3 Kg7 18. Ng5 Bxe5 19. dxe5 Qxe5 20. Nf3 Qxe3
21. Rxe3 Bd7 22. Nd2 Rab8 23. Rg3+ Kh8 24. Rf3 Ng4 25. Rb1 Nge5 26. Rh3 Rxb1+
27. Bxb1 Kg7 28. Rg3+ Kf6 29. Re3 Rb8 30. Re1 Nc4 31. Nb3 Rb5 32. Bc2 a4 0-1

[Event "II Festival ASDEC A"]
[Site "Messina ITA"]
[Date "2012.08.27"]
[Round "1"]
[White "Gangemi, Salvatore"]
[Black "Rosolia, Giuseppe"]
[WhiteElo "2048"]
[BlackElo "1817"]
[Result "1/2-1/2"]
[PlyCount "48"]
[EventDate "2012.08.27"]

1. c4 Nf6 2. Nf3 d6 3. d4 Nbd7 4. Nc3 e5 5. e4 Be7 6. Be2 c6 7. O-O O-O 8. h3
h6 9. b4 a6 10. a4 Qc7 11. Be3 Re8 12. Rc1 b6 13. dxe5 dxe5 14. Qb3 Bb7 15.
Rfd1 Rad8 16. Ne1 a5 17. Nd3 axb4 18. Nxb4 Nc5 19. Qb1 Ne6 20. Nbd5 cxd5 21.
Bxb6 Qb8 22. Bxd8 Rxd8 23. Nxd5 Nd4 24. Bf1 Ba3 1/2-1/2

[Event "II Festival ASDEC A"]
[Site "Messina ITA"]
[Date "2012.08.27"]
[Round "1"]
[White "Grasso, Gaetano"]
[Black "Iannello, Andrea"]
[WhiteElo "2032"]
[BlackElo "1776"]
[Result "1/2-1/2"]
[PlyCount "66"]
[EventDate "2012.08.27"]

1. b4 a5 2. b5 c6 3. a4 d5 4. Bb2 e6 5. e3 Nf6 6. d4 Bd6 7. Nf3 O-O 8. Nbd2
Nbd7 9. c4 c5 10. Rc1 b6 11. Bd3 Bb7 12. O-O Ne4 13. Ne5 Qc7 14. Nxd7 Qxd7 15.
Nxe4 dxe4 16. Bxe4 Bxe4 17. dxc5 bxc5 18. f3 Bg6 19. e4 Qc7 20. g3 Rfd8 21. Qe2
Be5 22. b6 Qb8 23. b7 Ra7 24. Rfd1 Bc7 25. Ba3 Bd6 26. Qd2 Be7 27. Qe1 Rxd1 28.
Rxd1 Qxb7 29. Rb1 Qd7 30. Rb8+ Bd8 31. Bxc5 Rb7 32. Ra8 Rc7 33. Qxa5 Qd1+
1/2-1/2

[Event "II Festival ASDEC A"]
[Site "Messina ITA"]
[Date "2012.08.27"]
[Round "1"]
[White "Iannello, Antonio"]
[Black "Rota, Giacomo"]
[WhiteElo "1741"]
[BlackElo "1983"]
[Result "1/2-1/2"]
[PlyCount "56"]
[EventDate "2012.08.27"]

1. e4 c6 2. d4 d5 3. Nc3 dxe4 4. Nxe4 Bf5 5. Ng3 Bg6 6. h4 h6 7. Nf3 Nd7 8. h5
Bh7 9. Bd3 Bxd3 10. Qxd3 Qc7 11. Rh4 e6 12. Bf4 Bd6 13. Bxd6 Qxd6 14. Ne4 Qe7
15. O-O-O Ngf6 16. Nxf6+ Qxf6 17. Qa3 Qe7 18. Qxe7+ Kxe7 19. Ne5 Nxe5 20. dxe5
Rhd8 21. Rhd4 Rxd4 22. Rxd4 Rd8 23. Rxd8 Kxd8 24. Kd2 Kc7 25. Kd3 Kb6 26. Ke4
Kc5 27. f4 b5 28. g4 a5 1/2-1/2

[Event "II Festival ASDEC A"]
[Site "Messina ITA"]
[Date "2012.08.27"]
[Round "1"]
[White "La Piana, Antonino"]
[Black "Pisacane, Pietro"]
[WhiteElo "1700"]
[BlackElo "2036"]
[Result "1-0"]
[PlyCount "123"]
[EventDate "2012.08.27"]

1. e4 e6 2. d4 d5 3. Nd2 Nf6 4. e5 Nfd7 5. Ngf3 c5 6. c3 Nc6 7. Be2 Be7 8. O-O
g5 9. h3 cxd4 10. cxd4 Nf8 11. Nb3 Ng6 12. Nh2 a5 13. Be3 Nf4 14. Bxf4 gxf4 15.
Bh5 a4 16. Nc5 Bxc5 17. dxc5 Qg5 18. Ng4 Nxe5 19. Qd4 O-O 20. Qxe5 f5 21. h4
Qxh5 22. Nf6+ Rxf6 23. Qxf6 f3 24. Qg5+ Qxg5 25. hxg5 Bd7 26. gxf3 e5 27. Rfe1
Re8 28. f4 e4 29. Rad1 Bc6 30. b4 axb3 31. axb3 Rd8 32. Rd4 Kf7 33. Ra1 h6 34.
gxh6 Rg8+ 35. Kh2 Rh8 36. Ra5 Rxh6+ 37. Kg1 Rh3 38. b4 Rb3 39. b5 Bxb5 40. Rxd5
Kg6 41. Rd6+ Kh5 42. Rb6 Bc4 43. Rxb3 Bxb3 44. c6 bxc6 45. Rxf5+ Kg4 46. Rf6 c5
47. Rf8 c4 48. f5 c3 49. f6 c2 50. Rc8 Kg5 51. Rxc2 Kxf6 52. Rc5 Be6 53. Kg2
Ke7 54. Kg3 Kd6 55. Ra5 Bd5 56. Kf4 Bc6 57. Ra6 Kd5 58. Rxc6 Kxc6 59. Kxe4 Kd6
60. Kf5 Kd5 61. f4 Kd6 62. Kf6 1-0

[Event "II Festival ASDEC A"]
[Site "Messina ITA"]
[Date "2012.08.27"]
[Round "1"]
[White "Mazzaglia, Antonino"]
[Black "Ferrigno, Vincenzo"]
[WhiteElo "1436"]
[BlackElo "1827"]
[Result "1-0"]
[PlyCount "115"]
[EventDate "2012.08.27"]

1. d4 Nf6 2. c4 e6 3. Bg5 b6 4. e4 h6 5. Bxf6 Bb4+ 6. Nc3 Qxf6 7. a3 Bxc3+ 8.
bxc3 d6 9. g3 c5 10. Bg2 cxd4 11. cxd4 e5 12. Ne2 Nd7 13. O-O Bb7 14. f4 Qe7
15. fxe5 dxe5 16. d5 Rc8 17. Qa4 a5 18. Bh3 Rc7 19. Rad1 Qd6 20. Nc3 Ba6 21.
Nb5 Bxb5 22. Qxb5 O-O 23. Bxd7 Rxd7 24. Rb1 Rb8 25. c5 Qe7 26. d6 Qd8 27. Rfd1
f6 28. cxb6 Rxd6 29. Rxd6 Qxd6 30. Qd5+ Qxd5 31. exd5 Kf7 32. b7 Ke7 33. Rb6
Kd7 34. d6 f5 35. Kg2 g5 36. Kf3 h5 37. a4 f4 38. Ke4 Ke6 39. gxf4 exf4 40. Kf3
Kf7 41. Rb5 Ke6 42. Rxg5 Rxb7 43. Rxh5 Rb3+ 44. Kf2 Rb2+ 45. Kf3 Rb3+ 46. Kf2
Rb2+ 47. Kg1 f3 48. h4 Rg2+ 49. Kf1 Rg4 50. Rxa5 Rxh4 51. Kf2 Rf4 52. Ra6 Rf8
53. a5 Kd7 54. Rb6 Kc8 55. a6 Rf7 56. Rb3 Rd7 57. Kxf3 Rxd6 58. a7 1-0

[Event "II Festival ASDEC A"]
[Site "Messina ITA"]
[Date "2012.08.27"]
[Round "1"]
[White "Quattrone, Andrea"]
[Black "Cappadona, Salvatore"]
[WhiteElo "1820"]
[BlackElo "2081"]
[Result "1/2-1/2"]
[PlyCount "90"]
[EventDate "2012.08.27"]

1. e4 Nc6 2. d4 d5 3. exd5 Qxd5 4. Nf3 e5 5. Nc3 Bb4 6. Bd2 Bxc3 7. Bxc3 e4 8.
Ne5 Nxe5 9. dxe5 Ne7 10. b3 Be6 11. Qxd5 Nxd5 12. Bb2 O-O 13. O-O-O e3 14. g3
exf2 15. Rd3 Nb4 16. Rd4 c5 17. Rxb4 cxb4 18. Bg2 Rab8 19. Rf1 Rfd8 20. Rxf2
Rd7 21. Be4 Rbd8 22. Bd3 a5 23. Kd2 h6 24. Ke3 b6 25. Bb5 Rd1 26. Bd3 Re1+ 27.
Re2 Rxe2+ 28. Kxe2 a4 29. Ke3 axb3 30. axb3 Kf8 31. Bd4 Rb8 32. Ke4 Ke7 33. Be3
h5 34. Bd2 f5+ 35. Kf4 g6 36. Bxb4+ Kf7 37. Bd6 Rc8 38. h4 Rc3 39. Bb4 Rc8 40.
Bd6 Bd5 41. Kg5 Be6 42. Kf4 Rd8 43. Kg5 Rd7 44. Kf4 Ra7 45. Kg5 Rd7 1/2-1/2

[Event "II Festival ASDEC A"]
[Site "Messina ITA"]
[Date "2012.08.27"]
[Round "1"]
[White "Russo, Alfio"]
[Black "Colnaghi, Davide"]
[WhiteElo "1905"]
[BlackElo "1690"]
[Result "1-0"]
[PlyCount "91"]
[EventDate "2012.08.27"]

1. g3 d5 2. Bg2 Nf6 3. c4 e6 4. Nf3 Bd6 5. b3 O-O 6. Bb2 Nbd7 7. O-O c6 8. d4
Re8 9. Ne5 Bxe5 10. dxe5 Ng4 11. e4 Ngxe5 12. exd5 cxd5 13. cxd5 Qc7 14. Nc3
exd5 15. Nxd5 Qd6 16. Qc2 Nc5 17. Rfd1 Bg4 18. f3 Bxf3 19. Bxe5 Bxd1 20. Bxd6
Bxc2 21. Bxc5 Re5 22. Rc1 Be4 23. Bxe4 Rxe4 24. Nf4 f6 25. Bf2 Kf7 26. Rc7+ Re7
27. Rc4 Rd8 28. a4 g5 29. Nh3 Rd3 30. b4 Ke6 31. Bxa7 Rd1+ 32. Kg2 b5 33. Re4+
Kf7 34. Rxe7+ Kxe7 35. Bc5+ Ke6 36. axb5 Kd5 37. g4 Rc1 38. Nf2 Rc3 39. b6 Kc6
40. h3 Rc2 41. Kf3 Ra2 42. Ke4 Ra3 43. Bd4 Rb3 44. Nd3 Rb1 45. Bc5 Rd1 46. Nf2
1-0

[Event "II Festival ASDEC A"]
[Site "Messina ITA"]
[Date "2012.08.27"]
[Round "1"]
[White "Seletsky, Grigory"]
[Black "Marzaduri, Riccardo"]
[WhiteElo "2348"]
[BlackElo "1826"]
[Result "1-0"]
[PlyCount "71"]
[EventDate "2012.08.27"]

1. e4 Nc6 2. Nf3 e6 3. Nc3 d5 4. d4 Bb4 5. e5 f6 6. Bb5 Bd7 7. Bxc6 Bxc6 8. Bd2
Qd7 9. Ne2 Be7 10. h4 O-O-O 11. h5 Re8 12. h6 g6 13. exf6 Bxf6 14. Bf4 Rf8 15.
Qd2 Ne7 16. Be5 Nf5 17. Bxf6 Rxf6 18. Ne5 Qe8 19. f3 Nd6 20. b3 Rg8 21. Ng4
Rff8 22. Nf4 Qf7 23. Nd3 Nf5 24. Nde5 Qe7 25. O-O-O Be8 26. Kb2 g5 27. Qa5 Kb8
28. c4 Qd6 29. c5 Qe7 30. b4 c6 31. Kc3 Qc7 32. Rd2 Qxa5 33. bxa5 Bg6 34. Nd7+
Kc7 35. Nxf8 Rxf8 36. Ne5 1-0

[Event "II Festival ASDEC A"]
[Site "Messina ITA"]
[Date "2012.08.27"]
[Round "1"]
[White "Sileci, Salvatore"]
[Black "Zimmer, Hans-Werner"]
[WhiteElo "1751"]
[BlackElo "1994"]
[Result "0-1"]
[PlyCount "66"]
[EventDate "2012.08.27"]

1. d4 Nf6 2. c4 c5 3. d5 e6 4. Nc3 exd5 5. cxd5 d6 6. g3 g6 7. Bg2 Bg7 8. Nf3
O-O 9. O-O a6 10. a4 Re8 11. h3 Nbd7 12. Re1 Qc7 13. Qc2 Rb8 14. e4 b5 15. axb5
axb5 16. Bf1 c4 17. Nd4 Ne5 18. Bg2 Bd7 19. Be3 Nd3 20. Red1 Nc5 21. b4 cxb3
22. Nxb3 Na4 23. Rac1 Rec8 24. Bd4 b4 25. Nxa4 Qxc2 26. Rxc2 Rxc2 27. Nb6 Bb5
28. Rc1 Rxc1+ 29. Nxc1 Nd7 30. Nxd7 Bxd7 31. Bxg7 Kxg7 32. Nb3 Ba4 33. Nd4 b3
0-1

[Event "II Festival ASDEC A"]
[Site "Messina ITA"]
[Date "2012.08.27"]
[Round "1"]
[White "Tricomi, Massimo"]
[Black "Gangemi, Domenico"]
[WhiteElo "1837"]
[BlackElo "1500"]
[Result "1-0"]
[PlyCount "85"]
[EventDate "2012.08.27"]

1. e4 e5 2. Nf3 Nc6 3. c3 Nf6 4. d3 d6 5. Be2 Bg4 6. O-O Be7 7. b4 a6 8. Nbd2
O-O 9. h3 Be6 10. Re1 Ne8 11. Bb2 Qd7 12. Bf1 f5 13. exf5 Bxf5 14. Ne4 Bg6 15.
Qe2 Rd8 16. a3 d5 17. Ng3 e4 18. dxe4 dxe4 19. Nxe4 Qf5 20. Ng3 Qc2 21. Qxc2
Bxc2 22. Bc4+ Kh8 23. Rac1 Ba4 24. Re3 Rd1+ 25. Rxd1 Bxd1 26. Bd5 Bf6 27. Nh5
Bd8 28. c4 Nf6 29. Nxf6 Bxf6 30. Bxf6 gxf6 31. Bxc6 bxc6 32. Nd4 Ba4 33. Ne6
Rf7 34. Nc5 Bc2 35. Re6 f5 36. Rxc6 f4 37. Rxa6 Kg7 38. f3 Bf5 39. Rc6 Re7 40.
a4 Kf8 41. Rf6+ Rf7 42. Rxf7+ Kxf7 43. a5 1-0

[Event "II Festival ASDEC A"]
[Site "Messina ITA"]
[Date "2012.08.27"]
[Round "1"]
[White "Trimarchi, Giuseppe"]
[Black "Arcidiaco, Francesco"]
[WhiteElo "1853"]
[BlackElo "1652"]
[Result "1-0"]
[PlyCount "74"]
[EventDate "2012.08.27"]

1. e4 d6 2. d4 Nf6 3. Nc3 g6 4. Nf3 Bg7 5. h3 b6 6. Bd3 Bb7 7. O-O O-O 8. Bf4
Nc6 9. d5 Nb8 10. Qd2 Ba6 11. Rfe1 Bxd3 12. cxd3 c5 13. dxc6 Nxc6 14. d4 Rc8
15. Rac1 Re8 16. Bh6 e5 17. Bxg7 Kxg7 18. d5 Na5 19. Qd3 Qd7 20. b4 Nc4 21. a4
a6 22. Re2 Nh5 23. Ra2 Nf4 24. Qf1 b5 25. axb5 axb5 26. Kh2 Ra8 27. Rxa8 Rxa8
28. Nxb5 Nb6 29. Rc6 Nc8 30. g3 Nh5 31. Ng5 Kg8 32. Rc7 Qe8 33. Nxf7 Nf6 34.
Nbxd6 Nxd6 35. Nxd6 Qd8 36. Rc6 Nxe4 37. Nxe4 Qxd5 1-0

[Event "II Festival ASDEC A"]
[Site "Messina ITA"]
[Date "2012.08.27"]
[Round "1"]
[White "Vazzana, Antonio"]
[Black "Arito, Luigi"]
[WhiteElo "1711"]
[BlackElo "1921"]
[Result "0-1"]
[PlyCount "46"]
[EventDate "2012.08.27"]

1. c4 e5 2. Nc3 f5 3. Nf3 d6 4. g3 Nf6 5. Bg2 Be7 6. Qb3 c6 7. O-O Nbd7 8. d4
e4 9. Ng5 Nf8 10. f3 h6 11. Nh3 Ne6 12. e3 O-O 13. fxe4 fxe4 14. Nf4 Nxf4 15.
Rxf4 d5 16. cxd5 cxd5 17. Nxe4 Nxe4 18. Rxe4 Qa5 19. Rf4 Qe1+ 20. Bf1 Bh3 21.
Qxd5+ Kh8 22. Qf3 g5 23. b3 gxf4 0-1

[Event "II Festival ASDEC A"]
[Site "Messina ITA"]
[Date "2012.08.27"]
[Round "1"]
[White "Velardi, Giovanni"]
[Black "Gromovs, Sergejs"]
[WhiteElo "1826"]
[BlackElo "2206"]
[Result "0-1"]
[PlyCount "76"]
[EventDate "2012.08.27"]

1. d4 Nf6 2. Nf3 d6 3. Bg5 Ne4 4. Bh4 c5 5. e3 Qb6 6. Qc1 cxd4 7. exd4 Bg4 8.
c3 Bxf3 9. gxf3 Nf6 10. Nd2 Nbd7 11. Bd3 g6 12. Ne4 Bg7 13. Qd2 O-O 14. O-O d5
15. Nxf6+ Bxf6 16. Bg3 Rac8 17. Rfe1 Qc6 18. Qe2 a6 19. a4 Rfe8 20. f4 e6 21.
h4 h5 22. Qf1 Nb6 23. a5 Nc4 24. Bxc4 dxc4 25. Re3 Red8 26. Qc1 Rd5 27. Re5 Qd7
28. Rxd5 Qxd5 29. Ra4 Bd8 30. Qa1 Be7 31. Qe1 Bd6 32. Qf1 Qb5 33. Qa1 Rc6 34.
Qa2 Qd5 35. Kh2 Qf3 36. Rxc4 Bxf4 37. Rxc6 Qxf2+ 38. Kh1 Qf3+ 0-1

[Event "II Festival ASDEC A"]
[Site "Messina ITA"]
[Date "2012.08.28"]
[Round "2"]
[White "Altomonte, Giuseppe"]
[Black "Pisacane, Pietro"]
[WhiteElo "1860"]
[BlackElo "2036"]
[Result "1/2-1/2"]
[PlyCount "82"]
[EventDate "2012.08.27"]

1. d4 Nf6 2. c4 e5 3. dxe5 Ng4 4. Nf3 Bc5 5. e3 Nc6 6. Nc3 Ngxe5 7. Be2 d6 8.
Na4 Bb4+ 9. Bd2 Bf5 10. O-O Bxd2 11. Qxd2 O-O 12. Nc3 Nxf3+ 13. Bxf3 Qh4 14.
Bxc6 bxc6 15. b3 Rfe8 16. Rad1 Re6 17. f3 Rae8 18. e4 Bg6 19. Qf2 Qxf2+ 20.
Kxf2 f5 21. exf5 Bxf5 22. Rfe1 Kf7 23. Rxe6 Rxe6 24. g4 Bg6 25. f4 Ke7 26. f5
Rf6 27. Ne4 Rf8 28. Re1 Kd7 29. Kg3 Bf7 30. Ng5 Bg8 31. Kf4 g6 32. Re3 h6 33.
Ne4 Bh7 34. Ng3 gxf5 35. Nxf5 Rf7 36. Rh3 Bxf5 37. gxf5 Rf6 38. Rg3 Ke7 39.
Rg7+ Rf7 40. Rg6 Rf6 41. Rg8 Rf8 1/2-1/2

[Event "II Festival ASDEC A"]
[Site "Messina ITA"]
[Date "2012.08.28"]
[Round "2"]
[White "Arcidiaco, Francesco"]
[Black "Velardi, Giovanni"]
[WhiteElo "1652"]
[BlackElo "1826"]
[Result "0-1"]
[PlyCount "88"]
[EventDate "2012.08.27"]

1. d4 Nf6 2. Nf3 e6 3. e3 c5 4. c3 Nc6 5. Bd3 d5 6. O-O Bd6 7. dxc5 Bxc5 8. b4
Bd6 9. Nd4 O-O 10. Nxc6 bxc6 11. Nd2 Bd7 12. e4 e5 13. exd5 cxd5 14. Be2 Qc7
15. Bb2 Rfe8 16. a3 e4 17. h3 Be5 18. Rc1 Bc6 19. b5 Bb7 20. a4 Nd7 21. Nb3 Nc5
22. Nxc5 Qxc5 23. Kh1 Rad8 24. Qb3 Bb8 25. g3 Re6 26. Bg4 Rh6 27. c4 d4 28. Ba3
Qg5 29. Kg1 f5 30. c5+ Bd5 31. f4 exf3 32. Qd3 Be4 33. Qc4+ Bd5 34. Qd3 fxg4
35. h4 Qe3+ 36. Qxe3 dxe3 37. c6 Bxg3 38. c7 Rc8 39. Rcd1 f2+ 40. Rxf2 exf2+
41. Kf1 Bc4+ 42. Kg2 f1=Q+ 43. Rxf1 Bxf1+ 44. Kxg3 Rxc7 0-1

[Event "II Festival ASDEC A"]
[Site "Messina ITA"]
[Date "2012.08.28"]
[Round "2"]
[White "Arito, Luigi"]
[Black "Buzzanca, Francesco"]
[WhiteElo "1921"]
[BlackElo "1687"]
[Result "1-0"]
[PlyCount "79"]
[EventDate "2012.08.27"]

1. d4 d5 2. c4 e6 3. cxd5 exd5 4. Nc3 Nf6 5. Bf4 c6 6. e3 Bd6 7. Bg5 h6 8. Bh4
g5 9. Bg3 Bxg3 10. hxg3 Bf5 11. Nf3 Ne4 12. Rc1 Nd7 13. Bd3 Qf6 14. Bxe4 dxe4
15. Nd2 Qe6 16. Qc2 Nf6 17. a3 Kf8 18. O-O Kg7 19. b4 a6 20. Nb3 b6 21. Na4
Rab8 22. Nd2 Rhc8 23. Qb2 Nd5 24. Nc4 f6 25. Qd2 Qe7 26. Nc3 Nxc3 27. Qxc3 Be6
28. Rc2 c5 29. Rfc1 Bxc4 30. Qxc4 b5 31. Qd5 c4 32. g4 Rd8 33. Qc6 Rd6 34. Qc5
Rbd8 35. a4 Rd5 36. Qxe7+ Kg6 37. axb5 axb5 38. Ra1 R8d7 39. Qe8+ Kg7 40. Ra8
1-0

[Event "II Festival ASDEC A"]
[Site "Messina ITA"]
[Date "2012.08.28"]
[Round "2"]
[White "Buda, Elvin"]
[Black "Carbone, Stefano"]
[WhiteElo "1842"]
[BlackElo "2002"]
[Result "1/2-1/2"]
[PlyCount "96"]
[EventDate "2012.08.27"]

1. d4 Nf6 2. Nf3 g6 3. e3 d5 4. Bd3 Bg7 5. Nbd2 O-O 6. O-O b6 7. c3 Bb7 8. Ne5
Nbd7 9. f4 c5 10. Ndf3 e6 11. Bd2 Qc7 12. Be1 Ne8 13. Bh4 Nd6 14. Be7 Rfe8 15.
Bxd6 Qxd6 16. Bb5 Bxe5 17. Nxe5 Bc8 18. Qg4 Rf8 19. Rf3 f5 20. Qh4 Nxe5 21.
fxe5 Qc7 22. Rh3 a5 23. Rf1 Ra7 24. g4 Qe7 25. gxf5 Qxh4 26. Rxh4 gxf5 27. Kf2
Rff7 28. Be8 Rg7 29. Rh6 Rae7 30. Bh5 Bd7 31. Rg1 Rxg1 32. Kxg1 Rg7+ 33. Kf2
Kf8 34. Rf6+ Ke7 35. h4 Bb5 36. Bf3 Rg6 37. Rxg6 hxg6 38. Kg3 Kf7 39. Kf4 Kg7
40. Kg5 Bd3 41. h5 gxh5 42. Bxh5 Bb5 43. Bd1 Kf7 44. Bh5+ Ke7 45. Kf4 Bd3 46.
Kf3 Bb1 47. a3 c4 48. Ke2 b5 1/2-1/2

[Event "II Festival ASDEC A"]
[Site "Messina ITA"]
[Date "2012.08.28"]
[Round "2"]
[White "Cappadona, Salvatore"]
[Black "Iannello, Antonio"]
[WhiteElo "2081"]
[BlackElo "1741"]
[Result "0-1"]
[PlyCount "132"]
[EventDate "2012.08.27"]

1. e4 c5 2. Nf3 d6 3. Bb5+ Bd7 4. Bxd7+ Qxd7 5. c4 Nf6 6. Nc3 Nc6 7. O-O e6 8.
d4 cxd4 9. Nxd4 Be7 10. Bg5 O-O 11. Rc1 Rfd8 12. Re1 Rac8 13. b3 a6 14. Nf3 Rb8
15. Qe2 b6 16. Red1 Qb7 17. h3 h6 18. Bf4 Rd7 19. Rd2 Rbd8 20. Rcd1 Na7 21. e5
dxe5 22. Bxe5 Nc6 23. Bf4 Bb4 24. Rxd7 Rxd7 25. Rxd7 Qxd7 26. Na4 Qb7 27. Be3
Nd7 28. Nd4 b5 29. cxb5 Nxd4 30. Bxd4 axb5 31. Nc3 Bxc3 32. Bxc3 Qc6 33. Bb2
Nb6 34. Qg4 e5 35. Bxe5 f6 36. Bb2 Kh8 37. Qd4 Nd5 38. Qe4 Qc5 39. a3 Nc3 40.
Qc2 Na4 41. Qd3 Nxb2 42. Qe2 Qxa3 43. Qe8+ Kh7 44. Qe4+ Kg8 45. Qe8+ Qf8 46.
Qxb5 Qe7 47. Qd5+ Kh8 48. Qd2 Qa3 49. Qe3 Qa1+ 50. Kh2 Qb1 51. b4 Nc4 52. Qc5
Qe4 53. b5 Qe5+ 54. Qxe5 Nxe5 55. Kg3 Kg8 56. Kf4 Kf7 57. Ke4 Ke6 58. f4 Nd7
59. f5+ Kd6 60. Kd4 Nb6 61. g3 Nd7 62. g4 Nb6 63. h4 Nd7 64. Ke4 Kc5 65. Kf4
Kxb5 66. g5 h5 0-1

[Event "II Festival ASDEC A"]
[Site "Messina ITA"]
[Date "2012.08.28"]
[Round "2"]
[White "Carbone, Edoardo"]
[Black "Alfarone, Giovanni"]
[WhiteElo "1824"]
[BlackElo "1992"]
[Result "1/2-1/2"]
[PlyCount "49"]
[EventDate "2012.08.27"]

1. d4 d6 2. c4 e5 3. Nc3 exd4 4. Qxd4 Nc6 5. Qd2 Nf6 6. g3 g6 7. Bg2 Bg7 8. Nf3
O-O 9. O-O Re8 10. h3 Bf5 11. Nh4 Be6 12. b3 Rb8 13. Bb2 a6 14. Rad1 Ne7 15.
Qc2 Qc8 16. Kh2 b5 17. cxb5 axb5 18. e4 Nd7 19. f4 f5 20. exf5 Nxf5 21. Nxf5
Bxf5 22. Qf2 Nc5 23. Nd5 Nd3 24. Rxd3 Bxd3 25. Rc1 1/2-1/2